Responses for show #6966 - Monday, December 22, 2014

Contestants

Carly Shevinsky, a lab tech from Ramona, California

Bert Ifill, a semi-retired educator from Silver Spring, Maryland

Allison Fraser, a stay-at-home mom from Alexandria, Virginia (whose 1-day cash winnings total $20,500)

Jeopardy! Round responses

"HO"! "HO"! "HO"!
THE OLD WEST
PAGING ALL PRIMATES
TIME FOR A MAJOR PRO CHAMPIONSHIP!
INTERNATIONAL CUISINE
YOU CAN BUY IT ON eBAY
    $200 13
the home stretch

Carly
    $200 20
the Pony Express

Allison
    $200 9
Tarzan

Allison
    $200 23
Wimbledon

Carly
    $200 1
an oven

Allison
    $200 5
Warsaw

Bert
    $400 15
a hobo

Carly
    $400 21
(Allison: What was Remmington?)

Winchester

AllisonCarly
    $400 12
Curious George

Allison
    $400 28
the Indy 500

Triple Stumper
    $400 2
spinach

Allison
    $400 6
hibachi

Bert
    $600 17
a hoagie

Allison
    $600 22
Wyatt Earp

Bert
    $600 14
The Chronicles of Narnia

Allison
    $600 29
[The end-of-round signal sounds.]

the Masters

Bert
    $600 3
satay

Bert
    $600 7
Porsche

Bert
    $800 18
a hogan

Allison
    $2,000 24
(Carly: Uh... who is Bean?)
(Alex: Mm. No, no. Not Judge Roy Bean. Who was [*]? [*]. Less than a minute to go now, Carly.)

Pat Garrett

Carly
    $800 16
Doctor Dolittle

Allison
    $800 4
frog's legs

Allison
    $800 8
Lederhosen

Carly
    $1000 19
(Hans) Holbein

Bert
    $1000 25
Geronimo

Carly
    $1000 26
Ivan

Triple Stumper
    $1000 27
the Belmont Stakes

Bert
    $1000 10
(Allison: What is ramen?)

sukiyaki

AllisonBert
    $1000 11
a zither

Bert

Scores at the first commercial break (after clue 15):

Allison Bert Carly
$1,600 $3,800 $1,400

Scores at the end of the Jeopardy! Round:

Allison Bert Carly
$3,600 $7,000 $1,000

Double Jeopardy! Round responses

SENATORS
MYTHOLOGY
KEEP ON TRUCKIN'
ORIGINATOR OF THE ROLE
(Alex: We want the [*] in the motion picture, not the TV series.)
SANTA
CLAUSE
    $400 2
RFK & Ted Kennedy

Bert
    $400 1
Apollo

Bert
    $400 12
Mack

Allison
    $400 7
Hugh Grant

Allison
    $400 16
Santa Fe

Allison
    $400 21
subordinate

Carly
    $800 3
Senator John McCain

Triple Stumper
    $4,000 8
Penelope

Allison
    $800 24
(Bert: What is the right-hand lane?)

the fast lane & the slow lane

Bert
Triple Stumper
    $800 10
Walter Matthau

Bert
    $800 17
cattle

Bert
    $800 22
(Carly: What is the, um, pronoun?)

the speaker

Carly
Triple Stumper
    $1200 4
Michigan

Bert
    $1200 9
(Allison: Who is Hecuba?)

Medea

AllisonBert
    $1200 25
look

Bert
    $1200 11
(Bert: Who is Alicia Silverstone?)

Kristy Swanson

Bert
Triple Stumper
    $1200 19
Argentina

Carly
    $1200 23
(Carly: What is a semicolon?)

a comma

BertCarly
    $1600 5
Patrick Leahy

Bert
    $1600 13
(Bert: Who is Aurora?)

Eos

Bert
Triple Stumper
    $1600 28
(Bert: What is a jackknife?)
[The end-of-round signal sounds.]

a rollover

Bert
Triple Stumper
    $1600 15
Keanu Reeves

Carly
    $1600 20
Santa Cruz

Bert
    $1600 27
independent

Triple Stumper
    $2000 6
(Alex: You did well in the category.)
(Bert: Thank you. Thank you.)
(Alex: You've got a big lead now--$12,600.)
[Applause for Bert, even though he did not run the category.]
(Alex: You know your politicians, at least your senators.)

Washington

Bert
    $2000 14
the Hydra

Allison
    $2000 18
(Carly: Who is Sidney Poitier?)
(Bert: Who is, uh, Scheider?)

(Rod) Steiger

AllisonBertCarly
    $2,000 26
(Bert: What is Guatemala?)

El Salvador

Bert

Scores at the end of the Double Jeopardy! Round:

Allison Bert Carly
$11,600 $10,200 $200

[wagering suggestions for these scores]

Final Jeopardy! Round responses

AMERICAN AUTHORS
CarlyWho is Asimov?
$0
BertWho was Isaac Asimov
$5,500
AllisonWho was Isaac Asimov
$8,801
Isaac Asimov

Final scores:

Allison Bert Carly
$20,401 $15,700 $200
2-day champion: $40,901 2nd place: $2,000 3rd place: $1,000

Game dynamics:

Coryat scores:

Allison Bert Carly
$8,400 $12,200 $2,200
16 R
(including 1 DD),
3 W
21 R,
6 W
(including 1 DD)
9 R,
4 W
(including 1 DD)

Combined Coryat: $22,800

The J! Archive is created by fans, for fans. The Jeopardy! game show and all elements thereof, including but not limited to copyright and trademark thereto, are the property of Jeopardy Productions, Inc. and are protected under law. This website is not affiliated with, sponsored by, or operated by Jeopardy Productions, Inc. Join the discussion at JBoard.tv.